<?xml version="1.0" encoding="UTF-8"?>
<record
    xmlns:xsi="http://www.w3.org/2001/XMLSchema-instance"
    xsi:schemaLocation="http://www.loc.gov/MARC21/slim http://www.loc.gov/standards/marcxml/schema/MARC21slim.xsd"
    xmlns="http://www.loc.gov/MARC21/slim">

  <leader>00701nam a22001337a 4500</leader>
  <datafield tag="040" ind1=" " ind2=" ">
    <subfield code="c">RUA</subfield>
  </datafield>
  <datafield tag="082" ind1=" " ind2=" ">
    <subfield code="a">VEM IV 2014 B459 Or.1</subfield>
  </datafield>
  <datafield tag="100" ind1=" " ind2=" ">
    <subfield code="a">IV VICHETH ; &#x17A2;&#x17CA;&#x17B8;&#x17BB;&#x179C; &#x179C;&#x17B7;&#x1785;&#x17B7;&#x178F;&#x17D2;&#x179A;</subfield>
  </datafield>
  <datafield tag="245" ind1=" " ind2=" ">
    <subfield code="a">Effect of iverpac on nematodes of cattle in beong touk commune, teuk chhou district, kampot province, &#x1794;&#x17D2;&#x179A;&#x179F;&#x17B7;&#x1791;&#x17D2;&#x1792;&#x1797;&#x17B6;&#x1796; Iverpac &#x179B;&#x17BE; Nematodes &#x1780;&#x17D2;&#x1793;&#x17BB;&#x1784;&#x1780;&#x17D2;&#x179A;&#x1796;&#x17C7;&#x1796;&#x17C4;&#x17C7;&#x179C;&#x17C0;&#x1793;&#x1782;&#x17C4; &#x1793;&#x17C5;&#x1783;&#x17BB;&#x17C6;&#x1794;&#x17B9;&#x1784;&#x1791;&#x178F;&#x17BC;&#x1780; &#x179F;&#x17D2;&#x179A;&#x17BB;&#x1780;&#x1791;&#x17B9;&#x1780;&#x1788;&#x17BC; &#x1781;&#x17C1;&#x178F;&#x17D2;&#x178F;&#x1780;&#x17C6;&#x1796;&#x178F;</subfield>
  </datafield>
  <datafield tag="260" ind1=" " ind2=" ">
    <subfield code="a">Phnom Penh</subfield>
    <subfield code="b">RUA</subfield>
    <subfield code="c">2014</subfield>
  </datafield>
  <datafield tag="300" ind1=" " ind2=" ">
    <subfield code="a">xi ;47p.</subfield>
    <subfield code="b">ill.</subfield>
    <subfield code="c">29cm.</subfield>
  </datafield>
  <datafield tag="856" ind1=" " ind2=" ">
    <subfield code="u">https://drive.google.com/file/d/1_qUmRiD0sc23GCrQeUiEG6LGdXFGfjil/view?usp=sharing</subfield>
  </datafield>
  <datafield tag="942" ind1=" " ind2=" ">
    <subfield code="c">VEM</subfield>
  </datafield>
  <datafield tag="999" ind1=" " ind2=" ">
    <subfield code="c">7532</subfield>
    <subfield code="d">7532</subfield>
  </datafield>
  <datafield tag="952" ind1=" " ind2=" ">
    <subfield code="0">0</subfield>
    <subfield code="1">0</subfield>
    <subfield code="2">ddc</subfield>
    <subfield code="4">0</subfield>
    <subfield code="6">VEM_IV_2014_000000000000000_B459_OR_1</subfield>
    <subfield code="7">0</subfield>
    <subfield code="9">44780</subfield>
    <subfield code="a">LBB</subfield>
    <subfield code="b">LBB</subfield>
    <subfield code="c">B459</subfield>
    <subfield code="d">2016-03-10</subfield>
    <subfield code="o">VEM IV 2014 B459 Or.1</subfield>
    <subfield code="p">RUA056925</subfield>
    <subfield code="r">2016-03-10</subfield>
    <subfield code="w">2016-03-10</subfield>
    <subfield code="y">VEM</subfield>
  </datafield>
  <datafield tag="952" ind1=" " ind2=" ">
    <subfield code="0">0</subfield>
    <subfield code="1">0</subfield>
    <subfield code="2">ddc</subfield>
    <subfield code="4">0</subfield>
    <subfield code="6">VEM_IV_2014_000000000000000_B459_OR_2</subfield>
    <subfield code="7">0</subfield>
    <subfield code="9">44781</subfield>
    <subfield code="a">LBB</subfield>
    <subfield code="b">LBB</subfield>
    <subfield code="c">B459</subfield>
    <subfield code="d">2016-03-10</subfield>
    <subfield code="o">VEM IV 2014 B459 Or.2</subfield>
    <subfield code="p">RUA056062</subfield>
    <subfield code="r">2016-03-10</subfield>
    <subfield code="w">2016-03-10</subfield>
    <subfield code="y">VEM</subfield>
  </datafield>
  <datafield tag="952" ind1=" " ind2=" ">
    <subfield code="0">0</subfield>
    <subfield code="1">0</subfield>
    <subfield code="2">ddc</subfield>
    <subfield code="4">0</subfield>
    <subfield code="6">VEM_IV_2014_000000000000000_B459_OR_3</subfield>
    <subfield code="7">0</subfield>
    <subfield code="9">44782</subfield>
    <subfield code="a">LBB</subfield>
    <subfield code="b">LBB</subfield>
    <subfield code="c">B459</subfield>
    <subfield code="d">2016-03-10</subfield>
    <subfield code="o">VEM IV 2014 B459 Or.3</subfield>
    <subfield code="p">RUA056034</subfield>
    <subfield code="r">2016-03-10</subfield>
    <subfield code="w">2016-03-10</subfield>
    <subfield code="y">VEM</subfield>
  </datafield>
  <datafield tag="952" ind1=" " ind2=" ">
    <subfield code="0">0</subfield>
    <subfield code="1">0</subfield>
    <subfield code="2">ddc</subfield>
    <subfield code="4">0</subfield>
    <subfield code="6">VEM_IV_2014_000000000000000_B459_OR_4</subfield>
    <subfield code="7">0</subfield>
    <subfield code="9">44783</subfield>
    <subfield code="a">LBB</subfield>
    <subfield code="b">LBB</subfield>
    <subfield code="c">B459</subfield>
    <subfield code="d">2016-03-10</subfield>
    <subfield code="o">VEM IV 2014 B459 Or.4</subfield>
    <subfield code="p">RUA056261</subfield>
    <subfield code="r">2016-03-10</subfield>
    <subfield code="w">2016-03-10</subfield>
    <subfield code="y">VEM</subfield>
  </datafield>
  <datafield tag="952" ind1=" " ind2=" ">
    <subfield code="0">0</subfield>
    <subfield code="1">0</subfield>
    <subfield code="2">ddc</subfield>
    <subfield code="4">0</subfield>
    <subfield code="6">VEM_IV_2014_000000000000000_B459_OR_5</subfield>
    <subfield code="7">0</subfield>
    <subfield code="9">44784</subfield>
    <subfield code="a">LBB</subfield>
    <subfield code="b">LBB</subfield>
    <subfield code="c">B459</subfield>
    <subfield code="d">2016-03-10</subfield>
    <subfield code="o">VEM IV 2014 B459 Or.5</subfield>
    <subfield code="p">RUA055621</subfield>
    <subfield code="r">2016-03-10</subfield>
    <subfield code="w">2016-03-10</subfield>
    <subfield code="y">VEM</subfield>
  </datafield>
  <datafield tag="952" ind1=" " ind2=" ">
    <subfield code="0">0</subfield>
    <subfield code="1">0</subfield>
    <subfield code="2">ddc</subfield>
    <subfield code="4">0</subfield>
    <subfield code="6">VEM_IV_2014_000000000000000_B459_OR_6</subfield>
    <subfield code="7">0</subfield>
    <subfield code="9">44785</subfield>
    <subfield code="a">LBB</subfield>
    <subfield code="b">LBB</subfield>
    <subfield code="c">B459</subfield>
    <subfield code="d">2016-03-10</subfield>
    <subfield code="l">1</subfield>
    <subfield code="o">VEM IV 2014 B459 Or.6</subfield>
    <subfield code="p">RUA056907</subfield>
    <subfield code="r">2016-08-10</subfield>
    <subfield code="s">2016-07-26</subfield>
    <subfield code="w">2016-03-10</subfield>
    <subfield code="y">VEM</subfield>
  </datafield>
  <datafield tag="952" ind1=" " ind2=" ">
    <subfield code="0">0</subfield>
    <subfield code="1">0</subfield>
    <subfield code="2">ddc</subfield>
    <subfield code="4">0</subfield>
    <subfield code="6">VEM_IV_2014_000000000000000_B459_OR_7</subfield>
    <subfield code="7">0</subfield>
    <subfield code="9">44786</subfield>
    <subfield code="a">LBB</subfield>
    <subfield code="b">LBB</subfield>
    <subfield code="c">B459</subfield>
    <subfield code="d">2016-03-10</subfield>
    <subfield code="l">1</subfield>
    <subfield code="o">VEM IV 2014 B459 Or.7</subfield>
    <subfield code="p">RUA055918</subfield>
    <subfield code="r">2016-08-29</subfield>
    <subfield code="s">2016-07-31</subfield>
    <subfield code="w">2016-03-10</subfield>
    <subfield code="y">VEM</subfield>
  </datafield>
  <datafield tag="952" ind1=" " ind2=" ">
    <subfield code="0">0</subfield>
    <subfield code="1">0</subfield>
    <subfield code="2">ddc</subfield>
    <subfield code="4">0</subfield>
    <subfield code="6">VEM_IV_2014_000000000000000_B459_OR_8</subfield>
    <subfield code="7">0</subfield>
    <subfield code="9">44787</subfield>
    <subfield code="a">LBB</subfield>
    <subfield code="b">LBB</subfield>
    <subfield code="c">B459</subfield>
    <subfield code="d">2016-03-10</subfield>
    <subfield code="o">VEM IV 2014 B459 Or.8</subfield>
    <subfield code="p">RUA056913</subfield>
    <subfield code="r">2016-03-10</subfield>
    <subfield code="w">2016-03-10</subfield>
    <subfield code="y">VEM</subfield>
  </datafield>
</record>
